000 00690nam a2200241 i 4500
001 bg
100 1 _aARNOLD, John
245 1 0 _aAccounting for management decisions /
_cJohn Arnold, Stuart Turley.
250 _a3rd ed.
260 _aLondon [et al.] :
_bPrentice Hall,
_c1998.
300 _aXIV, 481 s. :
_brys., wykr. ;
_c23 cm.
504 _aBibliogr. s. 430-434. - Streszcz. przy rozdz., indeks.
650 9 _aRachunkowość zarządcza
650 9 _aDecyzje
700 1 _aTURLEY, Stuart
020 _a0133088189
040 _cBPK
041 0 _aen
_ben
080 _a657::66/69:65.011
920 _a0-13-308818-9
942 _cKS
008 s pl f |000 0 pol
999 _c33455
_d33455
856 _uhttp://koha.tu.koszalin.pl/cgi-bin/koha/opac-detail.pl?biblionumber=33455
_yKatalog online BPK